| 000 | 01907nam a2200457 a 4500 | ||
|---|---|---|---|
| 003 | BLK | ||
| 005 | 20240623004013.0 | ||
| 008 | 180411b bul|||||r ||||||| ||bul|| | ||
| 010 | _aKNG00199971000 | ||
| 040 | _aBLK | ||
| 041 |
_aBUL _cBUL _hENG |
||
| 080 |
_aБългарска литература _b821.163.2 _x(092) _z821.163.2(092) |
||
| 080 |
_aБългарски поет _b929 Яворов, Пейо Крачолов _z929 Яворов, Пейо Крачолов |
||
| 100 | 1 |
_aПамуков, Стефан _eпърви автор _9365612 |
|
| 139 |
_aПамуков, Стефан _bЯ 18 |
||
| 245 | 1 | 0 |
_aПортретът на Яворов _bЕтюд _cСтефан Памуков. |
| 246 | 1 | 1 | _aA portrait of Yavorov : A study |
| 257 | _aBGR | ||
| 260 |
_aПловдив _bSM _c1991 _fПловдив : Полиграфия |
||
| 300 |
_a112 с. _bс ил., портр. _c20 см |
||
| 380 | _a82 | ||
| 500 | _aКн. е деп. 1993 г. - Текст. и на англ. ез. / Прев. М. Коле. - Библиогр. под линия. - 10 000 тир. | ||
| 650 | 4 |
_aПоети, български - биографии _9277817 |
|
| 650 | 0 |
_aПисатели, български - биографии _9243085 |
|
| 650 | 4 |
_aБългария - литературознание _9244446 |
|
| 653 | _aбългарски писатели | ||
| 653 | _aбългарски поети | ||
| 653 | _aбиографии | ||
| 653 | _aпортрети | ||
| 653 | _aлитературознание | ||
| 653 | _aПейо Яворов | ||
| 720 |
_aStephan Pamukov _eпаралелен автор |
||
| 852 |
_aЦб 172353 _bЦб |
||
| 856 | 4 |
_qpdf _i0.00 _ldisable |
|
| 856 | 4 |
_qpdf _i0.00 _ldisable |
|
| 942 |
_cKNG _n0 _s1 |
||
| 944 |
_aCR _c06.02.2017 _k _lCRON CRON |
||
| 944 |
_aED _c06.02.2017 _kСевдалина_Василева |
||
| 999 |
_c190821 _d190821 |
||
| 999 | _d190821 | ||
| 999 | _d190821 | ||